Ahmadiyah dalam persoalan

Bibliographic Details
Main Author: Thaha, Fawzy Sa`ied (Author)
Format: Book
Published: Bandung : al-Ma`arif , 1981
Subjects:

MARC

LEADER 00000cam a2200000 7i4500
001 0000007566
005 20031224093000.0
008 021119s1981
090 0 0 |a BP195.A5   |b T42 
100 0 |a Thaha, Fawzy Sa`ied ,   |e author 
245 0 0 |a Ahmadiyah dalam persoalan   |c Fawzy Sa`ied Thaha 
260 2 |a Bandung :   |b al-Ma`arif ,   |c 1981 
300 |a 436 ms. ;   |c 21 sm. 
650 0 |a Ahmadiyya 
999 |a 1000007286   |b Book   |c OPEN SHELF (30 DAYS)   |e Gong Badak Campus 
999 |a 1000007288   |b Book   |c OPEN SHELF (30 DAYS)   |e Gong Badak Campus 
999 |a 1000007290   |b Book   |c OPEN SHELF (30 DAYS)   |e Gong Badak Campus